000 00762nam a22002537a 4500
999 _c313547
_d313547
001 27205
003 UA-OsUOA
005 20200617113213.0
007 ta
008 20040618b un ||||| |||| 00| 0 ukr d
020 _a966-521-208-7
040 _aUA-OsUOA
_brus
_cUA-OsUOA
_dUA-OsUOA
041 _arus
044 _aUA
080 _a658.15(075.8)
090 _a658.15(075.8)
_bП30
100 _aПетренко С.Н.
245 _aКонтроллинг
_bУчебное пособие
260 _aКиев
_bНика-Центр
_c2004
300 _a328 с.
650 7 _2UDC
_a658 Організація комерційних та приватних підприємств. Організація торгівлі
942 _cBK
_2udc
955 _a0